部首为车的常见中文汉字 Common Chinese characters with the radical “Vehicle” - Statistics

General Stats
  • This quiz has been taken 31 times
    17 since last reset
  • The average score is 18 of 48
Answer Stats
拼音首字母 笔画数 汉字 % Correct
c 4
94%
x 7
81%
z 16
81%
l 8
75%
s 10
63%
z 9
63%
ɡ 9
56%
l 11
56%
l 15
56%
y 14
56%
z 8
56%
j 10
50%
q 9
50%
r 8
50%
z 5
50%
ɡ 6
44%
j 10 轿
44%
n 14
44%
z 9
44%
b 12
38%
e 8
38%
k 9
38%
l 10
38%
s 13
38%
f 11
31%
h 8
31%
l 9
31%
n 12
31%
r 7
31%
y 9
31%
z 9
31%
f 13
25%
ɡ 12
25%
j 13
25%
l 16
25%
q 10
25%
z 10
25%
z 11
25%
z 12
25%
l 9
19%
w 12
19%
x 14
19%
y 9
19%
h 9
13%
p 13
13%
c 12
6%
c 13
0%
z 10
0%
No matching quizzes found
Score Distribution
Percent of People with Each Score
Percentile by Number Answered
Your Score History
You have not taken this quiz since the last reset